Ganar y perder : la logoterapia y los vínculos emocionales /

En este libro se analizan los vínculos que se establecen a través de las relaciones con los demás, con los lugares y los proyectos, para develar las conexiones existentes entre la alegría y el sufrimiento inherentes al abandono y el desprendimiento. La autora propone además, perspectivas de superaci...

Popoln opis

Shranjeno v:
Bibliografske podrobnosti
Glavni avtor: Lukas, Elisabeth S. (autor)
Format: Knjiga
Jezik:španščina
Izdano: Barcelona, España : Paidós, 2006, c2006
Serija:(Divulgación/Autoayuda ; 226)
Teme:
Oznake: Označite
Brez oznak, prvi označite!

MARC

LEADER 00000nam^a2200000^a^4500
001 000192150
005 20250521000000.0
009 20260310102554.435
020 |a 84-493-1786-X 
037 |a Acervo ITESO - Biblioteca 
041 |a ESP 
082 |a 616. 89147  |b LUK 
100 |a Lukas, Elisabeth S.  |e (autor) 
245 1 0 |a Ganar y perder :  |b la logoterapia y los vínculos emocionales /  |c E.S. Lukas ; tr. por Héctor Piquer. 
264 4 |a Barcelona, España :  |b Paidós,  |c 2006, c2006 
300 |a 107 p. 
336 |a texto  |b txt  |2 rdacontenido 
337 |a sin mediación  |b n  |2 rdamedio 
338 |a volumen  |b nc  |2 rdasoporte 
440 1 |a (Divulgación/Autoayuda ;  |v 226) 
500 |a Traducción de: Verlust und Gewinn 
520 |a En este libro se analizan los vínculos que se establecen a través de las relaciones con los demás, con los lugares y los proyectos, para develar las conexiones existentes entre la alegría y el sufrimiento inherentes al abandono y el desprendimiento. La autora propone además, perspectivas de superación para estos traumas, a través de la fuerza curativa del humor y las imágenes personales (del yo, del ser humano, del mundo y de Dios). 
649 |a XX 
650 |a Relaciones de Pareja 
650 |a Identidad Nacional 
650 |a Identidad Personal 
650 |a Emoción 
650 |a Manejo de Sentimientos -  |x Tema Principal 
650 |a Logoterapia -  |x Tema Principal 
650 |a Psicopatología 
650 |a Psicoterapia 
650 |a Psicología 
910 |a Fondo General 
920 |a Impresos - Libros 
930 |a Colección General 
905 |a 101 
901 |a 0500136191  |b IT1  |c ACC  |u 20250521 
902 |a https://opac.biblio.iteso.mx/vufind/Record/000192150